• 首页
  • 本馆介绍
  • 公告通知
  • 最新文献
  • 馆藏检索
  • 电子资源
  • 读者导购
  • 参考咨询
  • 我的图书馆
  • 登录
  • 详细信息显示
  • 放入我的书架
  • 预约/预借图书
  • 作者相关作品
  • 分类相关作品
  • 丛书相关作品
  • 出版社相关作品

书目信息

  • 表格格式
  • 工作单格式
  • 卡片格式
题名:
自然辩证法
    
 
作者: 恩格斯 著 ;于光远等译 编
分册:  
出版信息: 北京   人民出版社  1955
页数: 339页
开本: 21cm
丛书名:
单 册:
中图分类: A124
科图分类:
主题词: 马恩著作--单行本--1873~1889年6月
电子资源:
ISBN:
000 00535nam0 2200193 45
001 0181023470
005 20060818092810.84
010    @d旧币13500.00元@b精装
100    @a20810111d1955 km y0chiy0120 ea
101 0  @achi
200 1  @AZI RAN BIAN ZHENG FA@FEn Ge Si Zhu@a自然辩证法@f恩格斯著@g于光远等译编
210    @a北京@c人民出版社@d1955
215    @a339页@d21cm
606 0  @a马恩著作@x单行本@z1873~1889年6月
690    @aA124@v3
701 0  @a恩格斯@4著
702 0  @a于光远等译@4编
801    @aCN@bTSTC@c20060818
905    @dA124@e36
    
    自然辩证法/恩格斯著/于光远等译编.-北京:人民出版社,1955
    339页;21cm
    
    
    ISBN (精装):旧币13500.00元
    
●
相关链接 在E读中查询图书 在五车中查询图书 在当当中查询图书 在豆瓣中查询图书


正题名:自然辩证法     索取号:A124/36         预约/预借

序号 登录号 条形码 馆藏地/架位号 状态 备注
1 0465620   204656201   密集书库/ [索取号:A124/36] 在馆    
唐山师范学院图书馆 欢迎您!
大连网信软件有限公司© 版权所有